|
|
|
|
| LEADER |
00872nam a22002652a 4500 |
| 001 |
001231137 |
| 003 |
CZ BrMZK |
| 005 |
20130502151348.0 |
| 007 |
ta |
| 008 |
120716s1972 xo a er|||||||||||slo d |
| 040 |
|
|
|a ABA001
|b cze
|c ABA001
|d ABA001
|
| 041 |
1 |
|
|a slo
|h fre
|
| 080 |
9 |
|
|a 840-312.4=854
|
| 100 |
1 |
|
|a Leroux, Gaston,
|d 1868-1927
|7 jn19990005012
|4 aut
|
| 245 |
1 |
0 |
|a Tajomstvo žltej izby /
|c Gaston Leroux ; z franc. orig. prel. Mária Horáková ; ilustr. Jozef Pernecký
|
| 250 |
|
|
|a 1. vyd. ve Smene
|
| 260 |
|
|
|a Bratislava :
|b Smena,
|c 1972
|
| 300 |
|
|
|a 295 s. :
|b il. ;
|c 8°
|
| 490 |
1 |
|
|a Labyrint ;
|v zv. 36
|
| 765 |
0 |
|
|t Mystère de la chambre jaune
|9 Slovensky
|
| 830 |
|
0 |
|a Labyrint (Smena)
|
| 910 |
|
|
|a BOA001
|b D-0680.616
|
| 990 |
|
|
|a BK
|
| 991 |
|
|
|b 201207
|
| 996 |
6 |
|
|b 2619534188
|c D-0680.616
|l MZK
|r Sklad / do 24 hodin
|n 0
|w 001264949
|u 000010
|a 1
|e BOA001
|j MZK50
|s P
|